| 000 | 00399nam a2200157Ia 4500 | ||
|---|---|---|---|
| 008 | 210707s1976 xx 000 0 und d | ||
| 041 | _aeng | ||
| 082 | _a301 MAJI | ||
| 100 | _aMAJUMDAR (D N) & MADAN (T N) | ||
| 245 | _aIntroduction to social anthropology. | ||
| 260 |
_aBombay _bAsia Publishing House _c1976 |
||
| 300 | _aix,304 p | ||
| 365 |
_b25 _cINR |
||
| 563 | _aPB | ||
| 650 | _aSociology | ||
| 999 |
_c180021 _d180021 |
||